Matemáticas Discretas (Registro nro. 270)
[ vista simple ]
| 000 -CABECERA | |
|---|---|
| campo de control de longitud fija | 00563aam a2200217 4500 |
| 005 - FECHA Y HORA DE ACTUALIZACIÓN | |
| campo de control | 20160504120716.0 |
| 008 - LONGITUD FIJA | |
| campo de control de longitud fija | 150722b xxu||||| |||| 00| 0 spa d |
| 041 ## - IDIOMA | |
| Código de idioma del texto/pista de sonido o título separado | |
| 082 ## - CLASIFICACIÓN DECIMAL DEWEY | |
| Número de clasificación | 004.015.1 |
| Número de documento/Ítem | R823m |
| 100 ## - AUTOR PERSONAL | |
| Nombre de persona | Roos, Kenneth |
| 100 ## - AUTOR PERSONAL | |
| Nombre de persona | Wright, Charles |
| 245 ## - TÍTULO PROPIAMENTE DICHO | |
| Título | Matemáticas Discretas |
| 250 ## - EDICIÓN | |
| Mención de edición | 2 edición |
| 260 ## - PIE DE IMPRENTA | |
| Lugar de publicación, distribución, etc. | México |
| 260 ## - PIE DE IMPRENTA | |
| Nombre del editor, distribuidor, etc. | Printice-Hall Hispanoamericana |
| 260 ## - PIE DE IMPRENTA | |
| Fecha de publicación, distribución, etc. | 1990 |
| 300 ## - DESCRIPCIÓN FÍSICA | |
| Extensión | 673 páginas |
| 650 ## - Materia General | |
| Materia general | MATEMATICA PARA COMPUTACION |
| 650 ## - Materia General | |
| Materia general | MATEMATICA DISCRETA |
| 942 ## - Punto de Acceso Adicional Koha | |
| Tipo de ítem Koha | Libro |
| Estado perdido | Estado dañado | No para préstamo | Biblioteca permanente | Biblioteca actual | Signatura completa | Código de barras | Precio efectivo a partir del | Tipo de ítem |
|---|---|---|---|---|---|---|---|---|
| Departamento de Biblioteca y Documentación Alfonso Chase Brenes | Departamento de Biblioteca y Documentación Alfonso Chase Brenes | 004.015.1 R823m | 3316 | 04/05/2016 | Libro |